Research planning and desing
| Hovedforfatter: | |
|---|---|
| Format: | Bog |
| Udgivet: |
[Lugar de publicación no identificado] :
s.f.
|
| Fag: |
MARC
| LEADER | 00000nam a2200000Ia 4500 | ||
|---|---|---|---|
| 008 | 170613bs s ||||| |||| 00| | e d | ||
| 999 | |c 1333 |d 1333 | ||
| 090 | |a 05.01.02 |b 824 | ||
| 100 | 1 | |a Leedy, Paul |9 2922 | |
| 245 | 1 | 0 | |a Research planning and desing |
| 260 | |a [Lugar de publicación no identificado] : |c s.f. | ||
| 300 | |a 21 páginas | ||
| 650 | 0 | |a INVESTIGACIÓN SOCIAL |9 290 | |
| 942 | |i 001371 |h 05.01.02 824 |2 z |c 01 | ||
